000 03666cam a2200661 i 4500
001 545721
003 UtOrBLW
005 20161012115028.0
008 130821s2013 txua c 000 1 eng
010 _a 2013029355
020 _a9781558857797 (pbk. : alk. paper)
020 _a1558857796 (pbk. : alk. paper)
035 _a(OCoLC)840460786
040 _aDLC
_beng
_erda
_cDLC
_dBTCTA
_dBDX
_dFOLLT
_dIFA
_dUtOrBLW
041 1 _aeng
_aspa
_heng
049 _aIFAA
099 _aCHILDREN ESPANOL FICTION VICENTE 2013
100 1 _aVicente, Alidis,
_eauthor.
245 1 3 _aLa chancleta perdida y otros casos secretos = The missing chancleta and other top-secret cases /
_cpor/by Alidis Vincente ; ilustraciones de/cover and inside illustrations by Leonardo Mora ; traducción al español de Gabriela Baeza Ventura.
246 3 1 _aThe missing chancleta and other top-secret cases
260 _aHouston, Texas :
_bPiñata Books/Arte Público Press,
_c[2013]
264 1 _aHouston, Texas :
_bPiñata Books/Arte Público Press,
_c[2013]
300 _a34 pages, 34 pages :
_billustrations ;
_c22 cm
336 _atext
_btxt
_2rdacontent
337 _aunmediated
_bn
_2rdamedia
338 _avolume
_bnc
_2rdacarrier
500 _aTranslation of: The missing chancleta and other top-secret cases
500 _aTitles from separate title pages; works issued back-to-back and inverted.
520 _aSecond-grader Flaca investigates three mysteries, from her missing flip flop, to who put a food she is allergic to in her lunch, to how she will find her dancing ability before performing salsa at her sister's quinceañera.
521 8 _a600
_bLexile
526 0 _aAccelerated Reader
_bLG
_c4.2
_d1.0
_z166961
546 _aText in English and Spanish.
650 0 _aLost articles
_vJuvenile fiction.
650 0 _aFood allergy
_vJuvenile fiction.
650 0 _aSalsa (Dance)
_vJuvenile fiction.
650 0 _aHispanic Americans
_vJuvenile fiction.
650 0 _aUpside-down books
_vSpecimens
_vJuvenile literature.
650 0 _aSpanish language materials
_xBilingual
_vJuvenile literature.
650 0 _aDetective and mystery stories
_vJuvenile literature.
650 7 _aObjetos perdidos
_vNovela juvenil.
_2bidex
650 7 _aAlergia a los alimentos
_vNovela juvenil.
_2bidex
650 7 _aSalsa (Baile)
_vNovela juvenil.
_2bidex
650 7 _aHispanoestadounidenses
_vNovela juvenil.
_2bidex
650 7 _aLibros al revés
_xEspecímenes
_vLiteratura juvenil.
_2local
650 7 _aMateriales bilingües en español
_vLiteratura juvenil.
_2bidex
650 7 _aNovela policíaca
_vLiteratura juvenil.
_2bidex
700 1 _aMora, Leonardo,
_eillustrator.
700 1 _aVentura, Gabriela Baeza,
_etranslator.
700 1 2 _aVicente, Alidis.
_tMissing chancleta and other top-secret cases.
700 1 2 _aVicente, Alidis.
_tMissing chancleta and other top-secret cases.
_lSpanish.
942 _cBK
999 _c16162
_d16162